000 00385nam a2200157 i 4500
001 bg
100 1 _aGODFRI, D. E. R.
245 0 _aTeorija uprugosti i plasicnosti /
_cD. E. R. Godfri.
260 _aKiev :
_bIzdatel'stvo "Budivelnik",
_c1969.
300 _as. 311.
040 _cBPK
041 _apol
080 _a539.3
942 _cKS
008 s pl f |000 0 pol
999 _c8762
_d8762